| 000 | 02701cam a22005294i 4500 | ||
|---|---|---|---|
| 003 | PE-LiUPU | ||
| 005 | 20250731172815.0 | ||
| 008 | 150617s1979 xxu r 000 0 eng d | ||
| 020 | _a089039167X | ||
| 035 | _a(Sirsi) i9780890391679 | ||
| 040 |
_aPE-LiUPU _bspa _cPE-LiUPU _erda |
||
| 049 | _aPRUA | ||
| 082 | 0 | 4 |
_a228.066 _bS83 _221 |
| 100 | 1 |
_aStrand, Kenneth A., _eautor. |
|
| 245 | 1 | 0 |
_aInterpreting the book of revelation : _bhermeneutical guidelines, with brief introduction to literary analysis / _cKenneth A. Strand. |
| 264 | 1 |
_aFlorida : _bAnn Arbor Publishers, _c1979. |
|
| 300 |
_a88 páginas : _bil. ; _c23 centímetros |
||
| 336 |
_atext _2rdacontent |
||
| 337 |
_aunmediated _2rdamedia |
||
| 338 |
_avolume _2rdacarrier |
||
| 505 | 0 | _aApproaches to the book of revelation -- The book of revelation: Its literary Milieu -- Symbols in the revelation -- Examples of Literary Analysis of the revelation -- A new literary Analysis -- Suggetions for interpretation -- Appendix -- Commentaries by Leon Morris and George Eldon Ladd -- Paul Minear's Contributions to a study of the Book of revelation -- Some further examples of Literary Analysis -- Chiastic Structure in the book of Zechariah (by Philip Payne). | |
| 526 | _aSEG42 | ||
| 526 | _aSEG41 | ||
| 526 | _aSEG40 | ||
| 526 | _aSEG39 | ||
| 526 | _aP94 | ||
| 526 | _aP87 | ||
| 526 | _aP86 | ||
| 526 | _aP85 | ||
| 526 | _aP77 | ||
| 526 | _aP76 | ||
| 526 | _aP35 | ||
| 630 |
_aBiblia _pN.T. _pApocalipsis _xCrítica, interpretación, etc. |
||
| 910 |
_ajck _bjvq _cjck _d20150616 |
||
| 942 |
_2ddc _cBOOK |
||
| 949 |
_a228.066 S83 _wDEWEY _c1 _i50794 _lCCODEBUL1 _mBUL _r0 _sY _tBOOK _u2015-6-17 _xTEOLOGIA _PP35 _0COMPRA _o.STAFF. Colección Teología |
||
| 949 |
_a228.066 S83 _wDEWEY _c2 _i48849 _lCCODEBUL1 _mBUL _r0 _sY _tBOOK _u2015-6-17 _xTEOLOGIA _PP35 _0COMPRA _o.STAFF. Colección Teología |
||
| 949 |
_a228.066 S83 _wDEWEY _c3 _i50354 _lCCODEBUL1 _mBUL _r0 _sY _tBOOK _u2015-6-17 _xTEOLOGIA _PP35 _0COMPRA _o.STAFF. Colección Teología |
||
| 994 |
_aC0 _bPEPRU |
||
| 596 | _a1 | ||
| 999 |
_a228.066 S83 _wDEWEY _c4224 _i50794 _d4224 _e2017-3-13 _f2019-12-10 _g4 _lDISCARD _mBUL _n1 _p20.00 _q2 _r1 _sY _tBOOK _u2015-6-17 _xTEOLOGIA _PP35 _0COMPRA _o.STAFF. Colección Teología |
||
| 999 |
_a228.066 S83 _wDEWEY _c2 _i48849 _d2018-12-28 _f2019-12-10 _g4 _lDISCARD _mBUL _q1 _r1 _sY _tBOOK _u2015-6-17 _xTEOLOGIA _PP35 _0COMPRA _o.STAFF. Colección General |
||
| 999 |
_a228.066 S83 _wDEWEY _c3 _i50354 _d2018-12-28 _f2021-11-11 _g5 _lCCODEBUL1 _mBUL _q1 _r0 _sY _tBOOK _u2015-6-17 _xTEOLOGIA _PP35 _0COMPRA _o.STAFF. Colección General |
||
| 980 |
_81 _gALBERTO SANCHEZ Responsable de Automatización |
||